000 00288nam a22001337a 4500
008 170911b xxu||||| |||| 00| 0 eng d
020 _a9780072537246
041 _aeng
080 _a43
100 _a43
101 _aFIZ
245 _aCOLLEGE PHYSICS
_cRICHARDSON.R
942 _2udc
_cBK
999 _c27125
_d27125